| Поле | Инд. | ПП | Название | Значение |
|---|---|---|---|---|
| Тип записи | a | |||
| Библиографический уровень | m | |||
| 001 | Контрольный номер | c58f1f5e8ee44f118664fe473b16e5f0 | ||
| 005 | Дата корректировки | 20250221142359.7 | ||
| 008 | Кодируемые данные | 241122|||||||||ru |||||||||||||||||rus|| | ||
| 020 | a | ISBN | 978-5-4461-2376-6 | |
| 041 | 0_ | a | Код языка текста | rus |
| 084 | a | Индекс другой классификации/Индекс ББК | 65.291я7 | |
| 090 | a | Полочн. индекс | 65.291 | |
| x | Авторский знак | К 56 | ||
| 100 | 1_ | a | Автор | Ковалев А. И. |
| 203 | a | Вид содержания | Текст | |
| c | Тип средства | непосредственное | ||
| 245 | 10 | a | Заглавие | Экономика предприятия |
| b | Продолж. заглавия | учебное пособие для студентов высших учебных заведений, обучающихся по направлению подготовки 08200.62 "Менеджмент" (квалификация (степень) "бакалавр") | ||
| 250 | a | Основные сведения об издании | 3-е изд., доп. и перераб. | |
| 260 | a | Место издания | Санкт-Петербург [и др.] | |
| b | Издательство | Питер | ||
| c | Дата издания | 2023 | ||
| 300 | a | Объем | 461, [2] с. | |
| b | Иллюстрации/ тип воспроизводства | табл. | ||
| 504 | a | Библиография | Библиогр.: с. 462 | |
| 520 | 0_ | a | Аннотация | В учебном пособии рассматриваются основные вопросы экономики, планирования, организации процессов производства и управления на предприятии в соответствии с Федеральным государственным образовательным стандартом высшего профессионального образования третьего поколения. Раскрыты цели, задачи и результаты деятельности предприятия как основного звена экономики, принципы и методы управления им. Представлены внешняя и внутренняя среды предприятия, основные принципы организации производственного процесса, производственная структура предприятия и его имущество, основные производственные и оборотные фонды, методы оптимизации размеров предприятия, инновационная и инвестиционная деятельность в рамках его развития, анализ финансового состояния и экономической эффективности хозяйственной деятельности на примере конкретного предприятия. Предназначено для студентов, бакалавров, магистрантов и специалитета высших учебных заведений, обучающихся по направлению подготовки 080200.62 «Менеджмент», слушателей школ повышения квалификации директоров предприятий, а также специалистов, самостоятельно изучающих экономику предприятия |
| 650 | 04 | a | Основная рубрика | Экономика предприятия-Учебные издания для высших учебных заведений |
| 653 | 0_ | a | Ключевые слова | Бизнес-планирование |
| a | Ключевые слова | Инвестиции | ||
| a | Ключевые слова | Инновации | ||
| a | Ключевые слова | Оплата труда | ||
| a | Ключевые слова | Организация производства | ||
| a | Ключевые слова | Предприятия | ||
| a | Ключевые слова | Продукция предприятия | ||
| a | Ключевые слова | Ресурсы предприятия | ||
| a | Ключевые слова | Товарная политика | ||
| a | Ключевые слова | Трудовые ресурсы предприятия | ||
| a | Ключевые слова | Ценовая политика | ||
| a | Ключевые слова | Финансы предприятия | ||
| 900 | a | Имя макрообъекта | Ковалев А.И. Экономика предприятия | |
| 901 | t | Тип документа | m | |
| 952 | c | Вид литературы | учебное пособие |